00933nam a22001937a 4500003000900000008004100009040007100050082001500121100002200136245003900158260007900197300004100276505030800317650001600625650003300641650002600674650001500700700002400715AR-CdUCM190227b ||||| |||| 00| 0 spa d aMUNICIPALIDAD PROVINCIAL DEL CUSCOcBIBLIOTECA MUNICIPAL DEL CUSCO a086 /bB34 aBecatti, Giovanni aEl arte romano /cGiovanni Becatti aMéxico, D.F :bUnión tipográfica editorial hispano americana,c1964. a156 paginas ;b40 Láminas.c17 cm. aCorriente artística que se encuentran en Roma durante el periodo de los reyes y el de la república: la formación del arte romano -- El periodo de Sila y Cesar: el eclecticismo y la definición de un lenguaje artístico romano -- El clasicismo del periodo de Augusto y del de Julio y Claudio ... aArte Romano aHistórico y Arqueológico aCorriente artística aClasicismo aHerrera Z. Tarsicio